| 000 | 01114nam a2200373 a 4500 | ||
|---|---|---|---|
| 003 | AR-BaBNM | ||
| 005 | 20251128210130.0 | ||
| 008 | 082120s2002 ||||||||||||||000 | spa|| | ||
| 020 | _a84-85407-34-2 | ||
| 040 | _cAR-BaBNM | ||
| 245 | 0 | 0 |
_aHistoria de la literatura española e hispanoamericana _n6 |
| 260 |
_aMadrid _bEdiciones Orgaz _c1980 |
||
| 300 |
_a300 p. _bil. |
||
| 500 | _aContiene referencias bibliográficas al final de cada capítulo | ||
| 650 | 4 | _aREALISMO | |
| 650 | 4 | _aCUENTO [FORMA Y GENERO LITERARIO] | |
| 650 | 4 | _aHISTORIA LITERARIA | |
| 650 | 4 | _aLITERATURA ESPAÑOLA | |
| 650 | 4 | _aCRITICA LITERARIA | |
| 650 | 4 | _aSIGLO DIECINUEVE | |
| 650 | 4 | _aLITERATURA CATALANA | |
| 653 | _aLITERATURA VASCA | ||
| 653 | _aLITERATURA GALLEGA | ||
| 653 | _aGENERACION DE 1898 | ||
| 653 | _aMODERNISMO | ||
| 653 | _aGENERACION DE 1927 | ||
| 653 | _aLITERATURA HISPANOAMERICANA | ||
| 655 | _aLITERATURA | ||
| 700 | 1 |
_aPalacios Fernández, Emilio _edirector |
|
| 700 | 1 |
_aDel Olmo, Javier G. _ecolaborador |
|
| 700 | 1 |
_aDíaz, Antonio _erevisión |
|
| 942 | _cBK | ||
| 998 | _cMARTIN | ||
| 999 |
_c14184 _d14184 |
||